Vymáhanie pohľadávok prostredníctvom obchodných súdov zatiaľ nie je účinné

Postup podnikateľa pri vymáhaní pohľadávok cez obchodné súdy a cez špecializované firmy. Nedostatky v legislatíve.

Na minha lista:
Detalhes bibliográficos
Autor principal: Poláčková, Věra
Formato: Capítulo de Livro
Idioma:eslovaco
Assuntos:
Tags: Adicionar Tag
Sem tags, seja o primeiro a adicionar uma tag!

MARC

LEADER 00000naa a2200000 4500
001 r020126
005 20221213101220.1
041 0 |a slo 
044 |a SK 
245 1 0 |a Vymáhanie pohľadávok prostredníctvom obchodných súdov zatiaľ nie je účinné  |c V. Poláčková 
520 |a Postup podnikateľa pri vymáhaní pohľadávok cez obchodné súdy a cez špecializované firmy. Nedostatky v legislatíve. 
610 2 0 |a pohľadávky 
610 2 0 |a dlhy 
610 2 0 |a dlžníci 
610 2 0 |a podnikanie 
610 2 0 |a právo obchodné 
610 2 0 |a vymáhanie pohľadávok 
100 1 |a Poláčková, Věra